| 000 | 00656cam a2200205 a 4500 | ||
|---|---|---|---|
| 001 | 000009670 | ||
| 005 | 20200929161650.0 | ||
| 008 | 790108s1965 ag 000 0 spa | ||
| 040 |
_aDO-SdBNP _cKU _dOCoLC _dDLC |
||
| 082 |
_aA862.44 _bB533c |
||
| 100 | 1 |
_aBerruti, Alejandro. _924564 |
|
| 245 | 1 | 0 |
_aCuidado con las bonitas / _cAlejandro Berruti. |
| 260 |
_aBuenos Aires : _bDel Carro de Tespis ; _bDintel, _c1965. |
||
| 300 |
_a45 p. ; _c17 cm. |
||
| 490 | 1 |
_aTeatro Breve Argentino _v4 |
|
| 650 | 4 |
_aTeatro argentino _94843 |
|
| 650 | 4 |
_aLiteratura argentina _93860 |
|
| 830 | 0 |
_aTeatro Breve Argentino ; _v4 _924565 |
|
| 910 | _aCatalogación por copia / LC | ||
| 999 |
_c9430 _d9430 |
||